| 000 | 00633nam a2200133Ia 4500 | ||
|---|---|---|---|
| 008 | 171212s9999 xx 000 0 und d | ||
| 020 | _a9780833032041 | ||
| 100 | _aPebley, Anne R.;Vaiana, Mary E. | ||
| 245 |
_cPebley, Anne R.;Vaiana, Mary E. _aIn Our Backyard _bHow 3 L.A. Neighborhoods Affect Kids' Lives |
||
| 260 |
_bRAND Corporation _c2002 |
||
| 650 | _aAnthropology | ||
| 650 | _aChildren -- California -- Los Angeles -- Social conditions; Child development -- California -- Los Angeles; Neighborhood -- California -- Los Angeles; Community life -- California -- Los Angeles | ||
| 856 | _uwww.jstor.org/stable/10.7249/mr1470wmkf | ||
| 999 |
_c352211 _d352211 |
||